| 000 | 00498nam a22001695i 4500 | ||
|---|---|---|---|
| 001 | 172402 | ||
| 003 | ES-MaACL | ||
| 005 | 20230906214912.0 | ||
| 008 | 090701s1957 xxk |||| | eng d | ||
| 080 | _a243 | ||
| 245 | 0 | 2 | _aA simple prayer book. |
| 260 |
_aLondon : _bCatholic Truth Society, _c1957. |
||
| 300 |
_a79 p. ; _c14 cm. |
||
| 650 | 1 | 4 |
_aOraciones. _915730 |
| 710 | 2 |
_aCatholic Truth Society. _92531 |
|
| 852 |
_aES-MaACL _j2252-F-19 _9R.140915 _z.- Biblioteca Jacinto MartÃnez Lacalle |
||
| 999 |
_c172402 _d172402 |
||